<?xml version="1.0" encoding="UTF-8"?><?xml-stylesheet type="text/xsl" href="static/style.xsl"?><OAI-PMH xmlns="http://www.openarchives.org/OAI/2.0/" xmlns:xsi="http://www.w3.org/2001/XMLSchema-instance" xsi:schemaLocation="http://www.openarchives.org/OAI/2.0/ http://www.openarchives.org/OAI/2.0/OAI-PMH.xsd"><responseDate>2026-04-17T06:54:37Z</responseDate><request verb="GetRecord" identifier="oai:www.recercat.cat:2445/118569" metadataPrefix="marc">https://recercat.cat/oai/request</request><GetRecord><record><header><identifier>oai:recercat.cat:2445/118569</identifier><datestamp>2025-12-05T10:01:19Z</datestamp><setSpec>com_2072_1057</setSpec><setSpec>col_2072_478819</setSpec><setSpec>col_2072_478917</setSpec></header><metadata><record xmlns="http://www.loc.gov/MARC21/slim" xmlns:dcterms="http://purl.org/dc/terms/" xmlns:xsi="http://www.w3.org/2001/XMLSchema-instance" xmlns:doc="http://www.lyncode.com/xoai" xsi:schemaLocation="http://www.loc.gov/MARC21/slim http://www.loc.gov/standards/marcxml/schema/MARC21slim.xsd">
   <leader>00925njm 22002777a 4500</leader>
   <datafield ind2=" " ind1=" " tag="042">
      <subfield code="a">dc</subfield>
   </datafield>
   <datafield ind2=" " ind1=" " tag="720">
      <subfield code="a">Serna, Mercedes</subfield>
      <subfield code="e">author</subfield>
   </datafield>
   <datafield ind2=" " ind1=" " tag="260">
      <subfield code="c">2017-12-07T17:03:54Z</subfield>
   </datafield>
   <datafield ind2=" " ind1=" " tag="260">
      <subfield code="c">2017-12-07T17:03:54Z</subfield>
   </datafield>
   <datafield ind2=" " ind1=" " tag="260">
      <subfield code="c">2012</subfield>
   </datafield>
   <datafield ind2=" " ind1=" " tag="260">
      <subfield code="c">2017-12-07T17:03:54Z</subfield>
   </datafield>
   <datafield ind2=" " ind1=" " tag="520">
      <subfield code="a">La tendencia de la novela hispanoamericana del año 2011 parece que confirma una vuelta al orden o la tradición frente a la denominada literatura posmoderna caracterizada, entre otros aspectos, por su estructura fragmentaria y caótica, por el uso del collage y por cierta indiferencia hacia la reflexión o la emoción. Puede constatarse, en el panorama actual, un cierto distanciamiento de la estética del realismo mágico que se vería desplazada por la novela que transita entre lo real y lo irreal. En la narrativa presente hay una imbricación o transversalidad entre diversas disciplinas como la historia, el periodismo, la sociología, la antropología o la política. Nos hallamos ante una novela comprometida o como mínimo alejada del exotismo o la evasión, una novela que sigue tendencias disímiles o diversas, ligada a la literatura de la historia, la autoficción, la biografía o la metaliteratura.</subfield>
   </datafield>
   <datafield tag="653" ind2=" " ind1=" ">
      <subfield code="a">Literatura llatinoamericana</subfield>
   </datafield>
   <datafield tag="653" ind2=" " ind1=" ">
      <subfield code="a">Latin American literature</subfield>
   </datafield>
   <datafield ind2="0" ind1="0" tag="245">
      <subfield code="a">La literatura latinoamericana de 2011</subfield>
   </datafield>
</record></metadata></record></GetRecord></OAI-PMH>